El jardín de Lutecia : (Record no. 83717)
[ view plain ]
| 000 -LEADER | |
|---|---|
| campo de control de longitud fija | 00719nam a2200217 i 4500 |
| 001 - NÚMERO DE CONTROL | |
| campo de control | 83717 |
| 003 - IDENTIFICADOR DE NÚMERO DE CONTROL | |
| campo de control | ES-MaACL |
| 005 - FECHA Y HORA DE LA ÚLTIMA TRANSACCIÓN | |
| campo de control | 20240528062730.0 |
| 007 - CAMPO FIJO DE DESCRIPCIÓN FÍSICA--INFORMACIÓN GENERAL | |
| campo de control de longitud fija | t| |
| 008 - DATOS DE LONGITUD FIJA--INFORMACIÓN GENERAL | |
| campo de control de longitud fija | 041118s1953 ec ||||1| spa d |
| 245 03 - MENCIÓN DEL TÍTULO | |
| Título | El jardín de Lutecia : |
| Resto del título | traducciones de poetas franceses / |
| Mención de responsabilidad, etc. | [seleccionador] J.A. Falconi Villagómez. |
| 260 ## - PUBLICACIÓN, DISTRIBUCIÓN, ETC. | |
| Lugar de publicación, distribución, etc. | Guayaquil : |
| Nombre del editor, distribuidor, etc. | [Casa de la Cultura Ecuatoriana, |
| Fecha de publicación, distribución, etc. | 1953] ( |
| Fabricante | Imp. del Núcleo del Guayas) |
| 300 ## - DESCRIPCIÓN FÍSICA | |
| Extensión | 75 p. ; |
| Dimensiones | 18 cm. |
| 650 #7 - PUNTO DE ACCESO ADICIONAL DE MATERIA--TÉRMINO DE MATERIA | |
| Término de materia o nombre geográfico como elemento de entrada | Poesía francesa |
| 9 (RLIN) | 136726 |
| 655 #7 - TERMINO DE INDIZACIÓN--GENERO/FORMA | |
| Fuente del término | tgfbne |
| Datos o término principal de género/forma | Poesías |
| 9 (RLIN) | 176539 |
| 700 1# - ENTRADA AGREGADA--NOMBRE PERSONAL | |
| Nombre de persona | Falconi Villagómez, J. A. |
| 9 (RLIN) | 48724 |
| 710 2# - ENTRADA AGREGADA--NOMBRE DE ENTIDAD CORPORATIVA | |
| Nombre de entidad corporativa o nombre de jurisdicción como elemento de entrada | Casa de la Cultura Ecuatoriana. |
| 9 (RLIN) | 173358 |
| 852 ## - LOCALIZACIÓN | |
| Ubicación | ES-MaACL |
| Número de control de estantería | 1969-F-3 |
| 942 ## - ELEMENTOS DE ENTRADA SECUNDARIOS (KOHA) | |
| Fuente del sistema de clasificación o colocación | Clasificación decimal universal |
| Estatus retirado | Estado de pérdida | Estado de daño | No para préstamo | Colección | Biblioteca de origen | Biblioteca actual | Ubicación en estantería | Fecha de adquisición | Fuente de adquisición | Total de préstamos | Signatura topográfica completa | Código de barras | Visto por última vez | Precio de reemplazo | Tipo de ítem Koha |
|---|---|---|---|---|---|---|---|---|---|---|---|---|---|---|---|
| Colección de folletos | Biblioteca del Ateneo de Madrid | Biblioteca del Ateneo de Madrid | Depósito folletos | 17/01/2008 | 1969-F-3 | 1087495 | 23/02/2023 | 23/02/2023 | Folleto |
